Normal view MARC view
  • Kazcı, Mehmet Emin,

Entry Personal Name

Number of records used in: 1

001 - CONTROL NUMBER

  • control field: 151366

003 - CONTROL NUMBER IDENTIFIER

  • control field: TR-AnTOB

005 - DATE AND TIME OF LATEST TRANSACTION

  • control field: 20251229153206.0

008 - FIXED-LENGTH DATA ELEMENTS

  • fixed length control field: 040206n| acannaabn |n aaa c

010 ## - LIBRARY OF CONGRESS CONTROL NUMBER

  • LC control number: no2004011355

035 ## - SYSTEM CONTROL NUMBER

  • System control number: (OCoLC)oca06265325

040 ## - CATALOGING SOURCE

  • Original cataloging agency: NjP
  • Language of cataloging: eng
  • Description conventions: rda
  • Transcribing agency: NjP
  • Modifying agency: CU
  • Modifying agency: TR-AnTOB

100 1# - HEADING--PERSONAL NAME

  • Personal name: Kazcı, Mehmet Emin,
  • Dates associated with a name: 1962-

670 ## - SOURCE DATA FOUND

  • Source citation: Liberal öfkenin adı Besim Tibuk, 2002:
  • Information found: t.p. (Mehmet Emin Kazcı) t.p. verso (b. 1962 in Gaziantep; journalist)
Devinim Yazılım Eğitim Danışmanlık tarafından Koha'nın orjinal sürümü uyarlanarak geliştirilip kurulmuştur.